00732nam a2200217Ia 4500003000900000008004100009020001800050040001600068080001300084100004000097245006600137260004000203300001600243650004700259700002700306700002500333700002100358942000700379999001700386952011100403IN-BaIIA211028s9999 xx 000 0 eng d a0-7503-0403-0 cIIA Library a524bKLA aKlapdor-Kleingrothaus, H. V.920525 0aParticle astrophysicscH. V. Klapdor-Kleingrothaus…[et al.] aBristolbInstitute of Physicsc1997 axiii, 507p. aAstrophysics, Particle astrophysics921789 aFoster, B., tr.921790 aFoster, S. M.921791 aZuber, K.921792 cBK c12447d12447 00104070aBANbBANcGENd1998-03-18eSSB l0o524/ KLAp13363r2021-11-05w1998-03-18yBKGĀ£ 100.00